00544nam a2200157 a 450000100100000000500170001000800410002704000250006824500330009326000330012630000270015971000690018604900090025595201050026499900170036900003019920250221073755.0110504s2009 dr a 000 0 spa d aDO-SdBNPbspacBNPHU00aDirectorio de empresas 2009. aSanto Domingo :aONE,c2009. a71 p. :bil. ;c28 cm.1 aRepública Dominicana.bOficina Nacional de Estadística95775 aBNPD 0010718PDaPDbPDcCTd2011-05-04iLF1l0o p30199-10r2020-06-25w2020-06-25yLFPDZNo se presta c29691d29691